000 00628nam a22002057a 4500
003 LK-CoMWRAF
005 20230922163309.0
008 230922b1963 |||||||| |||| 00| 0 eng d
040 _aLK-CoMWRAF
_dLK-CoMWRAF
_eLK-CoMWRAF
041 _aeng
082 _a297
_bLEB
100 _aLebbai, Sayyid Muhammad Ibn Ahmad
245 _aFat-Hud-Dayyan :
_bFfi fiqhi khairil adyan
260 _aColombo :
_bAl-Quran publication committe
_c1963
650 _aIslam -- Doctrines; Islamic law
650 _aJurisprudence - Islamic countries
650 _aIslam - Doctrines
700 _aAniff-Doray, Saifuddin J.
_etrans.
942 _cBK
999 _c3610
_d3610